Advanced engineering mathematics (Record no. 1337)

000 -LEADER
fixed length control field 00610nam a2200217 a 4500
001 - CONTROL NUMBER
control field 1337
003 - CONTROL NUMBER IDENTIFIER
control field BD-DhUET
008 - FIXED-LENGTH DATA ELEMENTS--GENERAL INFORMATION
fixed length control field 980909s1999 nyua b 001 0 eng
020 ## - INTERNATIONAL STANDARD BOOK NUMBER
International Standard Book Number 047133328X
040 ## - CATALOGING SOURCE
Original cataloging agency DLC
Transcribing agency DLC
Modifying agency BD-DhUET
082 00 - DEWEY DECIMAL CLASSIFICATION NUMBER
Classification number 530.15
Item number KRE/1999
100 ## - MAIN ENTRY--PERSONAL NAME
Personal name Kreyszig, Erwin
245 10 - TITLE STATEMENT
Title Advanced engineering mathematics
250 ## - EDITION STATEMENT
Edition statement 8th ed.
260 ## - PUBLICATION, DISTRIBUTION, ETC. (IMPRINT)
Place of publication, distribution, etc. New Delhi
Name of publisher, distributor, etc. John Wiley & Sons
Date of publication, distribution, etc. 1999
300 ## - PHYSICAL DESCRIPTION
Extent xvi,1156 p.+ various paging
504 ## - BIBLIOGRAPHY, ETC. NOTE
Bibliography, etc Includes bibliographies
650 #0 - SUBJECT ADDED ENTRY--TOPICAL TERM
Topical term or geographic name as entry element Engineering mathematics
856 41 - ELECTRONIC LOCATION AND ACCESS
Uniform Resource Identifier http://www.loc.gov/catdir/toc/onix04/98037591.html
942 ## - ADDED ENTRY ELEMENTS (KOHA)
Koha item type General Book
Holdings
Price effective from Koha date last seen Lost status Koha date last borrowed Date acquired Shelving location Withdrawn status Location (home branch) Piece designation (barcode) Damaged status Koha item type Copy number Koha renewals Not for loan Koha issues (times borrowed) Koha full call number Source of classification or shelving scheme Sublocation or collection (holding branch) Koha normalized classification for sorting
2014-09-032024-03-06 2024-01-302014-09-03Circulation section Central Library, BUET103814 General Book1  2530.15/KRE/1999 Central Library, BUET530_000000000000000_15KRE1999
2014-09-032014-09-03  2014-09-03Circulation section Central Library, BUET103815 General Book2   530.15/KRE/1999 Central Library, BUET530_000000000000000_15KRE1999
2014-09-032024-02-03 2024-01-222014-09-03Circulation section Central Library, BUET103816 General Book3  6530.15/KRE/1999 Central Library, BUET530_000000000000000_15KRE1999
2014-09-032024-02-17 2024-01-302014-09-03Circulation section Central Library, BUET103817 General Book4  3530.15/KRE/1999 Central Library, BUET530_000000000000000_15KRE1999
2014-09-032024-02-19 2024-01-302014-09-03Circulation section Central Library, BUET103818 General Book5  5530.15/KRE/1999 Central Library, BUET530_000000000000000_15KRE1999
2014-10-272024-02-05 2024-01-302014-10-27Circulation section Central Library, BUET97509 General Book62 8530.15/KRE/1999 Central Library, BUET530_150000000000000_KRE_1999
2015-06-162015-06-16  2015-06-16Reading section Central Library, BUET96647 Reading Item7   530.15/KRE/1999 Central Library, BUET530_150000000000000_KRE_1999
2017-05-282026-01-18 2025-12-012003-05-10Circulation section Central Library, BUET97508 General Book8  8530.15/KRE/1999 Central Library, BUET530_150000000000000_KRE_1999